La insolvencia de los patrimonios de afectación (Registro nro. 21464)

Detalles MARC
000 -LEADER
fixed length control field 00334 a2200109 4500
001 - CONTROL NUMBER
control field ART_55106
005 - DATE AND TIME OF LATEST TRANSACTION
control field 20260410161811.0
008 - FIXED-LENGTH DATA ELEMENTS--GENERAL INFORMATION
fixed length control field 260409a
100 1# - MAIN ENTRY--PERSONAL NAME
Personal name Vaiser, Lidia
245 10 - TITLE STATEMENT
Title La insolvencia de los patrimonios de afectación
773 0# - HOST ITEM ENTRY
Title Doctrina Societaria y Concursal
Related parts - N° 409 (dic. 2021)
Record control number REV4298

No hay ítems disponibles.